000 00451nam a2200169Ia 4500
005 20250423100458.0
008 250422s9999 xx 000 0 und d
020 _a978- 0- 7360- 4256- 7
050 _aRC1236.E38V53/
100 _aJoan N. Vickers
245 0 _aPerception, cognition, and decision training: the quiet eye in action
260 _bHuman kinetics
260 _c2007
300 _a266 p
650 _aVisual perception
942 _cBK
999 _c33430
_d33430